| 000 | 00459nam a2200181Ia 4500 | ||
|---|---|---|---|
| 008 | 230711s9999||||xx |||||||||||||| ||und|| | ||
| 020 | _a978-81-312-0282-1 | ||
| 041 | _aENG | ||
| 082 |
_a541.369 _bOT-C |
||
| 100 | _aOtt,J.Bevan | ||
| 245 | 0 | _aChemical thermodynamics : Principles and applications | |
| 250 | _a1st Ed. | ||
| 260 |
_c2012 _aNew Delhi _bElsevier |
||
| 300 | _a664p. | ||
| 650 | _aChemistry | ||
| 700 | _aGoates,Juliana Boerio | ||
| 942 | _cBK | ||
| 999 |
_c6200 _d6200 |
||